Construction industry growth slows (Record no. 71943)
[ view plain ]
| 000 -LEADER | |
|---|---|
| fixed length control field | 01129cam a2200181 4500 |
| 001 - CONTROL NUMBER | |
| control field | WB3903-01 |
| 008 - FIXED-LENGTH DATA ELEMENTS--GENERAL INFORMATION | |
| fixed length control field | 030121n2003 000 0 eng u |
| 035 ## - SYSTEM CONTROL NUMBER | |
| System control number | (Sirsi) u121080 |
| 245 ## - TITLE STATEMENT | |
| Title | Construction industry growth slows |
| 260 ## - PUBLICATION, DISTRIBUTION, ETC. | |
| Date of publication, distribution, etc. | 2003 |
| 490 ## - SERIES STATEMENT | |
| Series statement | Construction Products Association Press Release |
| Volume/sequential designation | 13 January 2003, (3) |
| 520 ## - SUMMARY, ETC. | |
| Summary, etc. | The construction industry can expect little growth in the next two years, according to the latest Construction Products Association forecast. A sharp decline in private sector investment is predicted for this and next year, and industry growth will fall to 3.7% this year, dropping to 0.6% in 2004. Output growth was expected to have increased more than 7% last year, the highest rate of growth since 1988. Growth is expected to improve slightly in 2005, up to 1.3%. Table. Copies of the forecast are available from t +44 (0)20 7323 3770 or [email protected] www.constprod.org.uk/download/pr/Forecast%20PR%2010.01.03.doc |
| 590 ## - LOCAL NOTE (RLIN) | |
| Local note | WB |
| 650 ## - SUBJECT ADDED ENTRY--TOPICAL TERM | |
| Topical term or geographic name entry element | BUILT ENVIRONMENT-BUILDING MATERIALS |
| 650 ## - SUBJECT ADDED ENTRY--TOPICAL TERM | |
| Topical term or geographic name entry element | CONSTRUCTION FORECASTS |
| 690 ## - LOCAL SUBJECT ADDED ENTRY--TOPICAL TERM (OCLC, RLIN) | |
| Topical term or geographic name as entry element | BUILT ENVIRONMENT |
| 942 ## - ADDED ENTRY ELEMENTS (KOHA) | |
| Suppress in OPAC | 0 |
| Withdrawn status | Lost status | Source of classification or shelving scheme | Damaged status | Not for loan | Home library | Current library | Shelving location | Date acquired | Total Checkouts | Full call number | Barcode | Date last seen | Copy number | Price effective from | Koha item type |
|---|---|---|---|---|---|---|---|---|---|---|---|---|---|---|---|
| Dewey Decimal Classification | London | London | News article | 21/01/2003 | WB3903-01 | 121080-1001 | 06/08/2019 | 1 | 06/08/2019 | News article |